| 000 | 00479nam a22001817a 4500 | ||
|---|---|---|---|
| 003 | CEME | ||
| 005 | 20210628205823.0 | ||
| 008 | 210317b xxu||||| |||| 00| 0 eng d | ||
| 020 | _a0-440-21555-2 | ||
| 040 | _c. | ||
| 082 | _a423 ROG | ||
| 100 |
_aKipper, Barbara Ann _977137 |
||
| 245 | _aRoget's 21 century thesaurus in dictionary form | ||
| 260 |
_aNEWYORK _bDELL PUBLISHING _c1993 |
||
| 300 | _a859P | ||
| 650 |
_aTHESAURUS IN DICTIONARY FORM _977138 |
||
| 942 |
_cBK _2ddc |
||
| 999 |
_c582463 _d582463 |
||